UBT Library

Finance : (Record no. 750)

000 -LEADER
fixed length control field 00719nam a22002177a 4500
008 - FIXED-LENGTH DATA ELEMENTS--GENERAL INFORMATION
fixed length control field 150515b xxu||||| |||| 00| 0 eng d
020 ## - INTERNATIONAL STANDARD BOOK NUMBER
International Standard Book Number 9780073530673 (alk. paper)
020 ## - INTERNATIONAL STANDARD BOOK NUMBER
International Standard Book Number 0073530670 (alk. paper)
041 0# - LANGUAGE CODE
Language code of text/sound track or separate title eng
080 ## - UNIVERSAL DECIMAL CLASSIFICATION NUMBER
Universal Decimal Classification number 332
100 1# - Rafti
Rafti Cornett, Marcia Millon.
245 12 - TITLE STATEMENT
Title Finance :
Statement of responsibility, etc Marcia Millon Cornett, Troy A. Adair Jr., John Nofsinger.
250 ## -
-- Botimi dytë
260 ## -
-- New York :
-- McGraw-Hill/Irwin,
-- c2011 .
300 ## -
-- 702 f
-- me il
-- 31 cm.
490 0# -
-- The McGraw-Hill/Irwin series in finance, insurance and real estate
650 #0 -
-- Financat
700 1# -
-- Adair, Troy A.
-- 1964-
-- (Troy Alton),
700 1# -
-- Nofsinger, John R.
942 ## - ADDED ENTRY ELEMENTS (KOHA)
Source of classification or shelving scheme
Item type Books
Holdings
Withdrawn status Lost status Source of classification or shelving scheme Damaged status Not for loan Collection code Permanent location Current location Shelving location Date acquired Total Checkouts Full call number Barcode Date last seen Price effective from Koha item type
          Koleksioni i përgjithshem UBT - Lipjan UBT - Lipjan Koleksioni i përgjithshem 05/15/2015   336 COR 9780073530673 05/15/2015 05/15/2015 Books
UBT Library © 2015-2024. All rights reserved University Education for Business and Technology